000 00774nam a2200253Ia 4500
003 OSt
005 20220928113459.0
006 a|||||r|||| 00| 0
007 ta
008 220927b |||||||| |||| 00| 0 eng d
020 _cUKP 120.00
024 _a144212
037 _b1865, 10/03/2021, Bright Book Service
_cTextual
040 _aSDCL
_cSDCL
_beng
041 _2eng
_aeng
082 _aP:(Y:1), R0
100 _aTardieu Claire Ed.
_9433353
245 0 _aRedefining tandem language and culture learning in higher education
260 _aNew York
_b Routledge
_c2020
300 _avi-287p.
_ccm.
650 _aEnglish
942 _hP:(Y:1), R0
_cTEXL
_2CC
999 _c749786
_d749786